Truyện ngắn và bút ký /
Bewaard in:
| Hoofdauteur: | |
|---|---|
| Formaat: | Sách giấy |
| Taal: | Vietnamese |
| Gepubliceerd in: |
H. :
Hội nhà văn,
2002
|
| Onderwerpen: | |
| Tags: |
Voeg label toe
Geen labels, Wees de eerste die dit record labelt!
|
| Thư viện lưu trữ: | Thư viện Trường Đại học Đà Lạt |
|---|
| LEADER | 00743nam a2200313 4500 | ||
|---|---|---|---|
| 001 | DLU030024928 | ||
| 003 | ##DLU | ||
| 005 | ##20031007 | ||
| 008 | ##021230t vn z000 vie d | ||
| 040 | # | # | |a DLU |b vie |
| 041 | # | # | |a vie |
| 044 | # | # | |a vn |
| 082 | # | # | |a 895.922 3 |b AN-D |
| 100 | # | # | |a Anh Đức |
| 245 | # | # | |a Truyện ngắn và bút ký / |c Anh Đức |
| 260 | # | # | |a H. : |b Hội nhà văn, |c 2002 |
| 300 | # | # | |a 838 tr. ; |c 21 cm |
| 653 | # | # | |a Bút ký |
| 653 | # | # | |a Truyện ngắn |
| 653 | # | # | |a Văn học hiện đại |
| 992 | # | # | |a 95000 |
| 994 | # | # | |a DLU |
| 900 | # | # | |a True |
| 911 | # | # | |a Nguyễn Thị Tố Hạnh |
| 925 | # | # | |a G |
| 926 | # | # | |a A |
| 927 | # | # | |a SH |
| 980 | # | # | |a Thư viện Trường Đại học Đà Lạt |